[Event "World Rapid Team 2023"]
[Site "Dusseldorf GER"]
[Date "2023.08.28"]
[Round "11.6"]
[Board "6"]
[White "Xue, Luka"]
[Black "Dinesh, Rajan M"]
[Result "0-1"]
[WhiteElo "1925"]
[BlackElo "1904"]
[WhiteTeam "Schachverein Hemer"]
[BlackTeam "Six-pack"]
[WhiteFideId "16277252"]
[BlackFideId "35060600"]
[EventDate "2023.08.26"]

1. d4 Nf6 2. c4 e6 3. Nc3 d5 4. cxd5 exd5 5. Bg5 Bb4 6. e3 h6 7. Bh4 g5 8. Bg3
Ne4 9. Rc1 h5 10. f3 Nxg3 11. hxg3 c6 12. Bd3 Qe7 13. Qe2 Be6 14. Kf1 Nd7 15. f4
Bg4 16. Qf2 Bxc3 17. bxc3 O-O-O 18. c4 dxc4 19. Bxc4 Nf6 20. fxg5 Ne4 21. Qf4
Qa3 22. Rc2 Nd2+ 23. Ke1 Nxc4 24. Rxc4 Rhe8 25. e4 Qd3 26. Qf1 Rxe4+ 27. Kf2
Qe3# 0-1

[Event "World Rapid Team 2023"]
[Site "Dusseldorf GER"]
[Date "2023.08.28"]
[Round "11.7"]
[Board "1"]
[White "Rendle, Thomas E"]
[Black "Orlov, Andrey"]
[Result "1/2-1/2"]
[WhiteTitle "IM"]
[BlackTitle "GM"]
[WhiteElo "2385"]
[BlackElo "2503"]
[WhiteTeam "The Sharks"]
[BlackTeam "Duesseldorfer Schachklub 1914/25 e.V."]
[WhiteFideId "408760"]
[BlackFideId "4125282"]
[EventDate "2023.08.26"]

1. d4 d6 2. Nf3 Nf6 3. g3 g6 4. Bg2 Bg7 5. O-O O-O 6. c4 Nc6 7. Nc3 a6 8. b3 Rb8
9. d5 Na5 10. Bg5 b5 11. cxb5 axb5 12. b4 Nc4 13. Qb3 h6 14. Bxf6 Bxf6 15. a4
Bd7 16. axb5 Nb6 17. Rfd1 e5 18. dxe6 Bxe6 19. Qc2 Bf5 20. e4 Bxc3 21. Qxc3 Bxe4
22. Ra7 Rb7 23. Rxb7 Bxb7 24. Rc1 Qd7 25. Nd4 Bxg2 26. Kxg2 Qg4 27. Nc6 Qg5 28.
Qe3 Qxe3 29. fxe3 Re8 30. Kf3 f5 31. h4 h5 32. Rd1 Kg7 33. Rd4 Ra8 34. Na5 Kf6
35. Nc4 Ke6 36. Nxb6 cxb6 37. Rc4 Ke5 38. Rc6 Ra4 39. Rxb6 Rxb4 1/2-1/2

[Event "World Rapid Team 2023"]
[Site "Dusseldorf GER"]
[Date "2023.08.28"]
[Round "11.7"]
[Board "2"]
[White "Berelowitsch, Alexander"]
[Black "Roberson, Peter T"]
[Result "1/2-1/2"]
[WhiteTitle "GM"]
[BlackTitle "IM"]
[WhiteElo "2492"]
[BlackElo "2433"]
[WhiteTeam "Duesseldorfer Schachklub 1914/25 e.V."]
[BlackTeam "The Sharks"]
[WhiteFideId "14101440"]
[BlackFideId "412384"]
[EventDate "2023.08.26"]

1. e4 e6 2. d4 d5 3. Nd2 c5 4. exd5 Qxd5 5. Ngf3 cxd4 6. Bc4 Qd6 7. O-O Nf6 8.
Nb3 Nc6 9. Nbxd4 Nxd4 10. Nxd4 Be7 11. c3 O-O 12. Qf3 Qc7 13. Bb3 a5 14. a4 Bd7
15. Re1 Rfd8 16. h3 Bc6 17. Nxc6 Qxc6 18. Qe2 Nd5 19. Bc4 Rac8 20. Bb5 Qd6 21.
Qf3 b6 22. Bd2 Nc7 23. Bf4 Qd5 24. Qxd5 Nxd5 25. Be5 Bd6 26. Bd4 Bc5 27. Rad1
Bxd4 28. Rxd4 Kf8 29. Red1 Ke7 30. g3 Nf6 31. f4 Rxd4 32. Rxd4 Rd8 33. Rxd8 Kxd8
34. Kf2 Ke7 35. g4 h6 36. Kf3 g5 37. Kg3 Nd5 38. fxg5 hxg5 39. h4 gxh4+ 40. Kxh4
Ne3 41. Be2 Kf6 42. g5+ Kf5 43. Bh5 Ng2+ 44. Kg3 Nf4 45. Bxf7 Kxg5 46. Kf3 Kf5
47. Ke3 Ke5 48. Bg8 Ng2+ 49. Kd3 Kd5 50. b4 Nf4+ 51. Ke3 Ng6 52. c4+ Kxc4 53.
bxa5 bxa5 54. Bxe6+ Kb4 55. Bd7 Ne5 56. Be8 Kc3 57. Ke2 Nc4 58. Bb5 Nb2 59. Be8
Kb4 60. Kd2 Nxa4 61. Bxa4 Kxa4 62. Kc2 Kb5 63. Kb3 a4+ 64. Ka3 Kc6 65. Kxa4 1/2-1/2

[Event "World Rapid Team 2023"]
[Site "Dusseldorf GER"]
[Date "2023.08.28"]
[Round "11.7"]
[Board "3"]
[White "Moreby, James"]
[Black "Levin, Felix"]
[Result "0-1"]
[WhiteTitle "FM"]
[BlackTitle "GM"]
[WhiteElo "2279"]
[BlackElo "2459"]
[WhiteTeam "The Sharks"]
[BlackTeam "Duesseldorfer Schachklub 1914/25 e.V."]
[WhiteFideId "427756"]
[BlackFideId "4650905"]
[EventDate "2023.08.26"]

1. c4 e6 2. g3 d5 3. Bg2 Nf6 4. Nf3 Be7 5. O-O O-O 6. b3 b6 7. Bb2 Bb7 8. d3 c5
9. Nbd2 d4 10. b4 Qc7 11. b5 e5 12. Qc2 Nbd7 13. a4 a5 14. Rae1 g6 15. e4 Nh5
16. Bc1 f5 17. Qd1 f4 18. Bh3 Bc8 19. Kg2 Ndf6 20. Bxc8 Raxc8 21. Ng1 Qd7 22. f3
fxg3 23. hxg3 g5 24. Nb3 Kh8 25. Ne2 Rg8 26. Rh1 Rg6 27. Rh2 Ng7 28. Reh1 Rf8
29. Nd2 Rf7 30. Nf1 Ne6 31. Rh6 Rxh6 32. Rxh6 Bf8 33. Rh2 Bd6 34. Bd2 Qb7 35. g4
Nf4+ 36. Nxf4 exf4 37. Kf2 Kg7 38. Rh1 Nd7 39. Ke2 Ne5 40. Rh5 h6 41. Nh2 Qd7
42. Qh1 Qe6 43. Qc1 Rf8 44. Be1 Rh8 45. Qc2 Nd7 46. Kd1 Nf6 47. Qg2 Nd7 48. Kc2
Ne5 49. Qe2 Rd8 50. Kb3 Be7 51. Qf1 Bf8 52. Bd2 Kf7 53. Be1 Bg7 54. Bd2 Qf6 55.
Ka3 Nxc4+ 56. dxc4 d3 57. Qc1 Qd4 58. Kb3 Qf2 59. Qe1 Qxe1 60. Bxe1 d2 61. Bxd2
Rxd2 62. Rh3 Rb2+ 63. Ka3 Rf2 64. Kb3 Ke6 65. Ka3 Ke5 66. Kb3 Kd4 67. Ka3 Kxc4
68. e5 Bxe5 69. Rxh6 Bb2+ 70. Ka2 Bg7+ 0-1

[Event "World Rapid Team 2023"]
[Site "Dusseldorf GER"]
[Date "2023.08.28"]
[Round "11.7"]
[Board "4"]
[White "Braun, Christian2"]
[Black "Bremner, Adam"]
[Result "1/2-1/2"]
[WhiteTitle "IM"]
[BlackTitle "CM"]
[WhiteElo "2427"]
[BlackElo "2176"]
[WhiteTeam "Duesseldorfer Schachklub 1914/25 e.V."]
[BlackTeam "The Sharks"]
[WhiteFideId "4692098"]
[BlackFideId "2400847"]
[EventDate "2023.08.26"]

1. e4 c6 2. d3 d5 3. Nd2 e5 4. Ngf3 Bd6 5. Be2 f5 6. O-O Nf6 7. exd5 cxd5 8. c4
d4 9. c5 Bc7 10. Nc4 Nc6 11. b4 a6 12. Qb3 Be6 13. Re1 O-O 14. Ng5 Bd5 15. Bf3
h6 16. Bxd5+ Qxd5 17. Nf3 e4 18. Nfd2 Rae8 19. a3 Kh8 20. Nd6 Bxd6 21. Qxd5
Bxh2+ 22. Kxh2 Nxd5 23. dxe4 fxe4 24. Rxe4 Nc3 25. Rxe8 Rxe8 26. Nf3 Re2 27. Bd2
Ne4 28. Be1 Nxf2 29. Bxf2 Rxf2 30. Rd1 Ra2 31. Nxd4 Rxa3 32. Nxc6 bxc6 33. Rd6
Rb3 34. Rxc6 Rxb4 35. Rxa6 Rc4 36. Rc6 Rc3 37. g3 h5 38. Kh3 Rc4 39. Kg2 Rc3 40.
Kf2 Kh7 41. Rc8 Kg6 42. c6 Kg5 43. c7 g6 44. Ke2 1/2-1/2

[Event "World Rapid Team 2023"]
[Site "Dusseldorf GER"]
[Date "2023.08.28"]
[Round "11.7"]
[Board "5"]
[White "Ivanov, Elizabeth"]
[Black "Zatonskih, Anna"]
[Result "0-1"]
[BlackTitle "IM"]
[WhiteElo "1601"]
[BlackElo "2364"]
[WhiteTeam "The Sharks"]
[BlackTeam "Duesseldorfer Schachklub 1914/25 e.V."]
[WhiteFideId "427284"]
[BlackFideId "14101572"]
[EventDate "2023.08.26"]

1. e4 e6 2. d4 d5 3. exd5 exd5 4. Bd3 c5 5. c3 Nc6 6. Ne2 Nf6 7. Bf4 Be7 8. Nd2
O-O 9. dxc5 Bxc5 10. Nb3 Bb6 11. O-O Bg4 12. Qc2 Rc8 13. a3 Re8 14. Ng3 Ne5 15.
Bb5 Bd7 16. Bd3 Ba4 17. Bf5 Rc4 18. Bxe5 Rxe5 19. Qd1 Rf4 20. Bc2 Bxb3 21. Bxb3
Ng4 22. Qd2 Qh4 0-1

[Event "World Rapid Team 2023"]
[Site "Dusseldorf GER"]
[Date "2023.08.28"]
[Round "11.8"]
[Board "1"]
[White "Baklan, Vladimir"]
[Black "Moussard, Jules"]
[Result "1-0"]
[WhiteTitle "GM"]
[BlackTitle "GM"]
[WhiteElo "2550"]
[BlackElo "2661"]
[WhiteTeam "Ukrainian Amators"]
[BlackTeam "Chessbrah OFM"]
[WhiteFideId "14102196"]
[BlackFideId "642908"]
[EventDate "2023.08.26"]

1. e4 c5 2. Nf3 d6 3. d4 cxd4 4. Nxd4 Nf6 5. Nc3 a6 6. h3 e6 7. g4 h6 8. Bg2 Be7
9. b3 Bd7 10. Bb2 Nc6 11. Nde2 b5 12. Qd2 Qb6 13. f4 Rd8 14. O-O-O a5 15. Kb1 a4
16. Rhe1 axb3 17. cxb3 b4 18. Nd5 exd5 19. exd5 Na7 20. Nd4 Nc8 21. g5 hxg5 22.
fxg5 Nh7 23. h4 O-O 24. Be4 Rfe8 25. Qf4 Bf8 26. Bxh7+ Kxh7 27. Qxf7 Rxe1 28.
Rxe1 Ne7 29. Qh5+ Kg8 30. g6 Nxg6 31. Qxg6 Qa6 32. Ne6 Bxe6 33. Qxe6+ Kh8 34. h5
Qc8 35. h6 Qxe6 36. dxe6 Re8 37. hxg7+ Bxg7 38. Rh1+ Kg8 39. Rg1 Re7 40. Bf6
Rxe6 41. Bxg7 1-0

[Event "World Rapid Team 2023"]
[Site "Dusseldorf GER"]
[Date "2023.08.28"]
[Round "11.8"]
[Board "2"]
[White "Van Foreest, Jorden"]
[Black "Zavgorodniy, Sergiy"]
[Result "1-0"]
[WhiteTitle "GM"]
[BlackTitle "IM"]
[WhiteElo "2697"]
[BlackElo "2416"]
[WhiteTeam "Chessbrah OFM"]
[BlackTeam "Ukrainian Amators"]
[WhiteFideId "1039784"]
[BlackFideId "14110148"]
[EventDate "2023.08.26"]

1. Nf3 Nf6 2. d4 d6 3. Nc3 g6 4. e4 Bg7 5. Be3 O-O 6. Qd2 e5 7. O-O-O exd4 8.
Nxd4 Nc6 9. f3 Ne5 10. Bh6 c6 11. h4 d5 12. h5 Nxh5 13. Bxg7 Kxg7 14. exd5 Qf6
15. g4 Nxf3 16. Nxf3 Bxg4 17. Be2 Bxf3 18. Rhf1 Bxe2 19. Rxf6 Bxd1 20. Rf2 Bg4
21. Qd4+ 1-0

[Event "World Rapid Team 2023"]
[Site "Dusseldorf GER"]
[Date "2023.08.28"]
[Round "11.8"]
[Board "3"]
[White "Gaponenko, Inna"]
[Black "Saric, Ivan"]
[Result "1/2-1/2"]
[WhiteTitle "IM"]
[BlackTitle "GM"]
[WhiteElo "2336"]
[BlackElo "2657"]
[WhiteTeam "Ukrainian Amators"]
[BlackTeam "Chessbrah OFM"]
[WhiteFideId "14101181"]
[BlackFideId "14508150"]
[EventDate "2023.08.26"]

1. e4 c5 2. c3 Nf6 3. e5 Nd5 4. Nf3 d6 5. d4 cxd4 6. cxd4 e6 7. Bc4 dxe5 8. dxe5
Be7 9. O-O O-O 10. Qe2 Bd7 11. Rd1 Bc6 12. Bxd5 exd5 13. Nc3 Na6 14. e6 Nc7 15.
exf7+ Rxf7 16. Be3 Bd6 17. Bd4 Re7 18. Qd2 Qf8 19. Re1 Rxe1+ 20. Rxe1 Qf5 21.
Be5 Bxe5 22. Rxe5 Qf6 23. Qe3 h6 24. Nd4 Rf8 25. g3 Bd7 26. Nce2 Re8 27. Rxe8+
Bxe8 28. Nf4 Bf7 29. Nd3 Bg6 30. Nf4 Be4 31. f3 Bg6 32. Nxg6 Qxg6 33. Qc3 Qf6
34. Kg2 Qe5 35. Kf2 a6 36. a4 Ne8 37. Ne2 Qd6 1/2-1/2

[Event "World Rapid Team 2023"]
[Site "Dusseldorf GER"]
[Date "2023.08.28"]
[Round "11.8"]
[Board "4"]
[White "Tari, Aryan"]
[Black "Grineva, Marianna"]
[Result "1-0"]
[WhiteTitle "GM"]
[BlackTitle "WFM"]
[WhiteElo "2629"]
[BlackElo "2033"]
[WhiteTeam "Chessbrah OFM"]
[BlackTeam "Ukrainian Amators"]
[WhiteFideId "1510045"]
[BlackFideId "14102013"]
[EventDate "2023.08.26"]

1. d4 d6 2. e4 g6 3. Nc3 Bg7 4. Nf3 a6 5. Be2 Nd7 6. O-O e6 7. a4 b6 8. Be3 Bb7
9. Bd3 Ne7 10. Ne2 Nf6 11. Ng3 h6 12. h3 g5 13. c3 g4 14. hxg4 Nxg4 15. Nh5 Rg8
16. Bf4 Ng6 17. Bg3 Nf6 18. Nxf6+ Bxf6 19. Nh2 Bh4 20. Qh5 Qg5 21. Qxg5 hxg5 22.
Nf3 Ke7 23. Bh2 g4 24. Nxh4 Nxh4 25. Bg3 Rh8 26. f3 gxf3 27. gxf3 Rag8 28. Kf2
f5 29. Rh1 Ng6 30. exf5 exf5 31. Bxf5 Kf6 32. Bd3 Rf8 33. Rxh8 Nxh8 34. Rh1 Ke7
35. Rh7+ Kd8 36. Bxd6 Rxf3+ 37. Ke2 Nf7 38. Bxc7+ Ke7 39. Bxb6 Rg3 40. Bc4 Rf3
41. d5 Rf4 42. d6+ Kxd6 43. Rxf7 Bf3+ 44. Ke3 Rxf7 45. Bxf7 Bd1 46. a5 Kc6 47.
Bc4 Kb7 48. Bd5+ Kb8 49. b4 Ba4 50. Kd4 Bd7 51. c4 Be8 52. Kc5 Bd7 53. Kd6 Ba4
54. Kc5 Bd7 55. b5 Bc8 56. Bc6 Bb7 57. Bc7+ Kxc7 58. b6+ Kc8 59. Bd5 1-0

[Event "World Rapid Team 2023"]
[Site "Dusseldorf GER"]
[Date "2023.08.28"]
[Round "11.8"]
[Board "5"]
[White "Breest, Axel"]
[Black "Khademalsharieh, Sarasadat"]
[Result "0-1"]
[BlackTitle "IM"]
[WhiteElo "1979"]
[BlackElo "2488"]
[WhiteTeam "Ukrainian Amators"]
[BlackTeam "Chessbrah OFM"]
[WhiteFideId "24682349"]
[BlackFideId "12512214"]
[EventDate "2023.08.26"]

1. e4 e5 2. Nc3 Nc6 3. Bc4 Nf6 4. d3 Bb4 5. Ne2 d5 6. exd5 Nxd5 7. O-O Nxc3 8.
Nxc3 O-O 9. Qh5 Nd4 10. Bg5 Be7 11. Ne4 Bf5 12. Be3 Bxe4 13. dxe4 Nxc2 14. Rad1
Qe8 15. Qxe5 Bf6 16. Qg3 Nxe3 17. Qxe3 Bxb2 18. Rb1 Qe5 19. Rfd1 Qf6 20. Rd5
Rae8 21. f3 c6 22. Rd3 Rd8 23. e5 Bxe5 24. Kf1 b5 25. Bb3 Rxd3 26. Qxd3 Bxh2 27.
Bc2 g6 28. Re1 Bg3 29. Re4 Rd8 0-1

[Event "World Rapid Team 2023"]
[Site "Dusseldorf GER"]
[Date "2023.08.28"]
[Round "11.9"]
[Board "1"]
[White "Vachier-Lagrave, Maxime"]
[Black "Abdusattorov, Nodirbek"]
[Result "1/2-1/2"]
[WhiteTitle "GM"]
[BlackTitle "GM"]
[WhiteElo "2739"]
[BlackElo "2725"]
[WhiteTeam "ASV AlphaEchecs Linz"]
[BlackTeam "WR Chess"]
[WhiteFideId "623539"]
[BlackFideId "14204118"]
[EventDate "2023.08.26"]

1. Nf3 d5 2. g3 Nf6 3. Bg2 c5 4. O-O e6 5. d4 cxd4 6. Nxd4 Bc5 7. Nb3 Bb6 8. Nc3
O-O 9. e4 d4 10. Na4 e5 11. Nxb6 Qxb6 12. c3 dxc3 13. Be3 Qa6 14. bxc3 Nc6 15.
Qc2 Qa4 16. Rfd1 Be6 17. Bg5 Rfd8 18. Bxf6 gxf6 19. Bf3 Na5 20. Rxd8+ Rxd8 21.
Qc1 Rc8 22. Kg2 Kg7 23. Nd2 Qc6 24. Qd1 Qxc3 25. Bg4 Rd8 26. Bxe6 Qxd2 27. Bd5
Qxd1 28. Rxd1 Rc8 29. Rd3 Rc2 30. Ra3 b6 31. h4 Kf8 32. g4 h6 33. Rf3 Kg7 34. g5
hxg5 35. hxg5 Nc4 36. Kg3 fxg5 37. Rxf7+ Kg6 38. Rxa7 b5 39. Rb7 Rxa2 40. Rxb5
Rc2 41. Rb4 Nd2 42. Kg4 Nf1 43. Rb6+ Kg7 44. Rb7+ Kg6 45. Bf7+ Kh6 46. Rb6+ Kg7
47. Bd5 Rxf2 48. Kxg5 Ne3 49. Rb7+ Kf8 50. Be6 Rf4 51. Bf5 Nxf5 52. exf5 Rf1 53.
Kf6 Kg8 54. Rb8+ Kh7 55. Rb7+ Kg8 56. Ke6 e4 57. f6 e3 58. Rb8+ Kh7 59. Rb2 Rf2
60. Rb1 e2 61. Rh1+ Kg6 62. Rg1+ Kh5 63. Re1 Kg4 64. f7 Rxf7 65. Kxf7 Kf3 66.
Rxe2 Kxe2 1/2-1/2

[Event "World Rapid Team 2023"]
[Site "Dusseldorf GER"]
[Date "2023.08.28"]
[Round "11.9"]
[Board "2"]
[White "Nepomniachtchi, Ian"]
[Black "Grischuk, Alexander"]
[Result "1/2-1/2"]
[WhiteTitle "GM"]
[BlackTitle "GM"]
[WhiteElo "2779"]
[BlackElo "2736"]
[WhiteTeam "WR Chess"]
[BlackTeam "ASV AlphaEchecs Linz"]
[WhiteFideId "4168119"]
[BlackFideId "4126025"]
[EventDate "2023.08.26"]

1. c4 c6 2. Nf3 d5 3. d4 Nf6 4. e3 Bf5 5. Nc3 e6 6. Nh4 Be4 7. f3 Bg6 8. Bd2 Be7
9. Nxg6 hxg6 10. Qb3 Qc7 11. cxd5 cxd5 12. O-O-O Nc6 13. Kb1 a6 14. Rc1 Nd7 15.
Bd3 Rc8 16. Ne2 Qb6 17. Qxb6 Nxb6 18. a3 Kd7 19. Rc2 Na7 20. Bc1 Rxc2 21. Bxc2
Nc4 22. e4 Nc6 23. h3 b5 24. Rd1 Kc7 25. Ka2 Kb7 26. b3 Nb6 27. e5 Nc8 28. f4
Bd8 29. Rh1 Bb6 30. Bb2 N8e7 31. g4 Rh4 32. Bd3 Ka7 33. Bc3 Ba5 34. b4 Bb6 35.
Kb3 Kb7 36. a4 bxa4+ 37. Kxa4 Na7 38. Be1 Rh8 39. h4 Nec6 40. Bc3 Nb5 41. Bxb5
axb5+ 42. Kxb5 Ra8 43. Ra1 Rh8 44. Rh1 Ra8 45. Ra1 Rh8 46. Rh1 1/2-1/2

[Event "World Rapid Team 2023"]
[Site "Dusseldorf GER"]
[Date "2023.08.28"]
[Round "11.9"]
[Board "4"]
[White "Praggnanandhaa, R"]
[Black "Bacrot, Etienne"]
[Result "1-0"]
[WhiteTitle "GM"]
[BlackTitle "GM"]
[WhiteElo "2707"]
[BlackElo "2662"]
[WhiteTeam "WR Chess"]
[BlackTeam "ASV AlphaEchecs Linz"]
[WhiteFideId "25059530"]
[BlackFideId "605506"]
[EventDate "2023.08.26"]

1. Nf3 d5 2. d4 Nf6 3. Bf4 Bf5 4. c4 e6 5. Qb3 dxc4 6. Qxb7 Be4 7. Qxc7 Bb4+ 8.
Nbd2 Qxc7 9. Bxc7 Ke7 10. e3 Rc8 11. Bg3 Nbd7 12. Kd1 c3 13. bxc3 Bxc3 14. Rc1
Bd5 15. Ba6 Bxa2 16. Bxc8 Rxc8 17. Ke2 Nb6 18. Bh4 Nd5 19. Ne5 h6 20. Bxf6+ gxf6
21. Nd3 Bc4 22. Nxc4 Rxc4 23. Rc2 f5 24. Rhc1 1-0

[Event "World Rapid Team 2023"]
[Site "Dusseldorf GER"]
[Date "2023.08.28"]
[Round "11.9"]
[Board "5"]
[White "Lagno, Kateryna"]
[Black "Hou, Yifan"]
[Result "0-1"]
[WhiteTitle "GM"]
[BlackTitle "GM"]
[WhiteElo "2552"]
[BlackElo "2628"]
[WhiteTeam "ASV AlphaEchecs Linz"]
[BlackTeam "WR Chess"]
[WhiteFideId "14109336"]
[BlackFideId "8602980"]
[EventDate "2023.08.26"]

1. e4 e6 2. d4 d5 3. e5 c5 4. c3 Nc6 5. Nf3 Bd7 6. Be2 Nge7 7. O-O Ng6 8. Be3
Be7 9. Nbd2 O-O 10. a3 c4 11. g3 f6 12. exf6 Bxf6 13. b3 b5 14. a4 a6 15. Re1 h6
16. Bf1 e5 17. axb5 axb5 18. Rxa8 Qxa8 19. dxe5 Ngxe5 20. bxc4 bxc4 21. Nxe5
Nxe5 22. Bd4 Ng4 23. Nf3 Bxd4 24. cxd4 Bf5 25. h3 Be4 26. hxg4 Bxf3 27. Be2 Be4
28. Qd2 Qc6 29. Rc1 Qf6 30. Qe3 Bf3 31. Re1 Bxe2 32. Rxe2 Rb8 33. Rc2 Qg6 34.
Rc3 Qxg4 35. Qe5 Rd8 36. Re3 Qd7 37. Kg2 Rc8 38. Rc3 Re8 39. Qf4 Re4 40. Qb8+
Re8 41. Qf4 Qf7 42. Qg4 Qe6 43. Qh5 Qe4+ 44. Kg1 Rf8 45. Qd1 Rb8 46. Rc1 Rf8 47.
Qd2 Re8 48. Kh2 Qe2 0-1

[Event "World Rapid Team 2023"]
[Site "Dusseldorf GER"]
[Date "2023.08.28"]
[Round "11.10"]
[Board "1"]
[White "Zuferi, Enis"]
[Black "Colbow, Collin"]
[Result "1-0"]
[WhiteTitle "FM"]
[BlackTitle "FM"]
[WhiteElo "2367"]
[BlackElo "2409"]
[WhiteTeam "Heilbronn Hustlers"]
[BlackTeam "Deutsche Schachjugend 1"]
[WhiteFideId "24692530"]
[BlackFideId "16201132"]
[EventDate "2023.08.26"]

1. d4 Nf6 2. c4 e6 3. Nc3 Bb4 4. e3 O-O 5. Bd3 d5 6. cxd5 exd5 7. a3 Bd6 8. Qc2
a6 9. Nge2 b6 10. b4 Bb7 11. Rb1 Re8 12. f3 Qc8 13. O-O c5 14. bxc5 bxc5 15.
dxc5 Bxc5 16. Na4 Ba7 17. Qb3 Bc6 18. Nb6 Bxb6 19. Qxb6 Nbd7 20. Qd4 Ne5 21. Bb2
Nxd3 22. Qxd3 Bb5 23. Qd2 Qc5 24. Kf2 Qc7 25. Rh1 Nd7 26. Qd4 Ne5 27. Rhd1 Qc2
28. f4 Qxe2+ 29. Kg1 Nf3+ 30. gxf3 Qxe3+ 31. Qxe3 Rxe3 32. Kf2 Re2+ 33. Kg3 Bc4
34. Bd4 Rae8 35. f5 h5 36. h4 Ra2 37. f6 gxf6 38. Bxf6 Re6 39. Rb8+ Kh7 40. Rh8+
Kg6 41. Bd4 Ree2 42. Kf4 f6 43. Rg1+ Rg2 44. Rxg2+ Rxg2 45. Rg8+ 1-0

[Event "World Rapid Team 2023"]
[Site "Dusseldorf GER"]
[Date "2023.08.28"]
[Round "11.10"]
[Board "2"]
[White "Sidletskyi, Ivan"]
[Black "Wenninger, Philipp"]
[Result "0-1"]
[WhiteTitle "CM"]
[WhiteElo "2354"]
[BlackElo "2374"]
[WhiteTeam "Deutsche Schachjugend 1"]
[BlackTeam "Heilbronn Hustlers"]
[WhiteFideId "14156024"]
[BlackFideId "4648404"]
[EventDate "2023.08.26"]

1. e4 c6 2. d4 d5 3. exd5 cxd5 4. Bd3 Nc6 5. c3 Qc7 6. Ne2 Bg4 7. O-O e6 8. f4
Bd6 9. Qe1 Bxe2 10. Qxe2 g6 11. g3 h5 12. h3 Nge7 13. Be3 O-O-O 14. Nd2 Nf5 15.
Bxf5 gxf5 16. Nf3 f6 17. Nh4 Kb8 18. b3 Rde8 19. Qd3 Rhg8 20. Kh2 Ne7 21. c4 Qd7
22. Qe2 Ng6 23. Nxg6 Rxg6 24. Qxh5 Qg7 25. Qf3 e5 26. cxd5 e4 27. Qf2 Rg8 28.
Rg1 Qf7 29. Qe2 Rh8 30. Kg2 Qh7 31. Rh1 Qh4 32. Qf2 Rhg8 33. Rag1 Rxg3+ 34. Kf1
Rxg1+ 35. Rxg1 Qxh3+ 36. Ke2 Rxg1 37. Qxg1 Qf3+ 38. Ke1 Bb4+ 39. Bd2 Bxd2+ 40.
Kxd2 Qxf4+ 41. Kc2 Qd6 42. Qg8+ Kc7 43. Qh7+ Qd7 44. Qh2+ Kb6 45. d6 Kc6 46. Qh8
Qxd6 47. Qc8+ Kb6 48. Qxf5 Qxd4 49. Qe6+ Ka5 50. Qf5+ Qe5 51. Qd7 Kb6 52. Kd2 f5
53. a4 a6 54. b4 Qb2+ 55. Ke3 Qc1+ 56. Ke2 Qc4+ 57. Kf2 Qxb4 58. Qe6+ Ka5 59.
Qxf5+ Kxa4 60. Qd7+ b5 61. Qd1+ Qb3 62. Qd4+ Qc4 63. Qa1+ Kb4 64. Qxa6 Qd4+ 65.
Kg3 Qe3+ 66. Kg2 Qf3+ 67. Kg1 Qd3 68. Qf6 Qc3 69. Qa6 Qd3 70. Qc6 e3 71. Qf3 Ka3
72. Qf8+ b4 73. Qa8+ Kb2 74. Qg2+ Qd2 75. Qg7+ Qc3 76. Qe7 b3 77. Qe4 Qc1+ 78.
Kh2 Qc2+ 0-1

[Event "World Rapid Team 2023"]
[Site "Dusseldorf GER"]
[Date "2023.08.28"]
[Round "11.10"]
[Board "3"]
[White "Geshnizjani, Ramin"]
[Black "Gloeckler, Christian"]
[Result "0-1"]
[BlackTitle "FM"]
[WhiteElo "2141"]
[BlackElo "2318"]
[WhiteTeam "Heilbronn Hustlers"]
[BlackTeam "Deutsche Schachjugend 1"]
[WhiteFideId "24633089"]
[BlackFideId "34608966"]
[EventDate "2023.08.26"]

1. e4 c5 2. c3 Nf6 3. e5 Nd5 4. Nf3 d6 5. d4 cxd4 6. Qxd4 e6 7. Nbd2 Nc6 8. Bb5
Bd7 9. Bxc6 Bxc6 10. Nc4 dxe5 11. Ncxe5 Be7 12. O-O Bf6 13. Nxc6 bxc6 14. Qe4
O-O 15. Be3 Rb8 16. Bc5 Rxb2 17. Bxf8 Nxc3 18. Qxc6 Qxf8 19. Qc4 Qb4 20. Qc8+
Qf8 21. Qc4 g6 22. a4 Qb4 23. Qxb4 Rxb4 24. Ra3 Nxa4 25. Rd1 Kg7 26. Kf1 Bb2 27.
Rad3 Nb6 28. Nd4 Nd5 29. Nc6 Ra4 30. Rb3 Bf6 31. Rb7 a6 32. Nb8 Ra2 33. Nd7 Nc3
34. Re1 Bd4 35. Rc1 Rxf2+ 36. Ke1 Rxg2 37. h3 Rg1+ 0-1

[Event "World Rapid Team 2023"]
[Site "Dusseldorf GER"]
[Date "2023.08.28"]
[Round "11.10"]
[Board "4"]
[White "Haug, Havard"]
[Black "Diller, Daniel"]
[Result "1-0"]
[WhiteTitle "CM"]
[WhiteElo "2199"]
[BlackElo "2120"]
[WhiteTeam "Deutsche Schachjugend 1"]
[BlackTeam "Heilbronn Hustlers"]
[WhiteFideId "1547887"]
[BlackFideId "12908983"]
[EventDate "2023.08.26"]

1. e4 e5 2. Nf3 Nc6 3. Bc4 Nf6 4. d3 Bc5 5. c3 a5 6. O-O d6 7. Re1 O-O 8. h3 h6
9. Nbd2 Re8 10. Nf1 Ba7 11. Be3 Ne7 12. Bxa7 Rxa7 13. d4 Ng6 14. dxe5 dxe5 15.
Qb3 Be6 16. a4 Bxc4 17. Qxc4 Ra6 18. Rad1 Rd6 19. Ne3 Nf4 20. Rxd6 Qxd6 21. Rd1
Qb6 22. b4 c6 23. Nf5 axb4 24. cxb4 Qc7 25. a5 Kh7 26. g3 Ne6 27. Kg2 g6 28. Ne3
Kg7 29. Ra1 Rd8 30. a6 bxa6 31. Rxa6 Nd4 32. Nxd4 Rxd4 33. Qxc6 Qxc6 34. Rxc6
Nxe4 35. b5 Rd2 36. Rc2 Rxc2 37. Nxc2 Nd6 38. b6 f5 39. f4 exf4 40. gxf4 g5 41.
Ne3 Kf6 42. Kf3 Ke6 43. Nc4 Nb7 44. Ne5 Kd5 45. Nf7 g4+ 46. hxg4 fxg4+ 47. Kxg4
Kc6 48. Nxh6 Kxb6 49. f5 Nd6 50. f6 Kc6 51. Kh5 Kd7 52. Kg6 Ke6 53. Ng4 Nf7 1-0

[Event "World Rapid Team 2023"]
[Site "Dusseldorf GER"]
[Date "2023.08.28"]
[Round "11.10"]
[Board "5"]
[White "Schaefer, Daniel"]
[Black "Groeschel, Karoline"]
[Result "0-1"]
[WhiteElo "1884"]
[BlackElo "1934"]
[WhiteTeam "Heilbronn Hustlers"]
[BlackTeam "Deutsche Schachjugend 1"]
[WhiteFideId "16235088"]
[BlackFideId "34610537"]
[EventDate "2023.08.26"]

1. d4 Nf6 2. c4 e6 3. Nc3 Bb4 4. Qc2 O-O 5. Nf3 d5 6. cxd5 exd5 7. Bf4 Ne4 8. e3
Bf5 9. Bd3 c5 10. dxc5 Bxc3+ 11. bxc3 Nd7 12. c6 bxc6 13. Nd4 Bg6 14. f3 c5 15.
fxe4 cxd4 16. exd4 dxe4 17. Be2 Qa5 18. O-O Rac8 19. Rac1 Nb6 20. Qb3 Rfd8 21.
Rfd1 Nd5 22. Bg5 Rd7 23. Bd2 e3 24. Be1 Nf4 25. Bg4 Qg5 26. Bf3 Bh5 27. Bg3 Bxf3
28. gxf3 Ne2+ 29. Kg2 Nxc1 30. Rxc1 e2 31. Re1 Qd2 32. Qb5 Re7 33. c4 Qxd4 34.
c5 Qxc5 35. Qxc5 Rxc5 36. Bd6 Rce5 37. Bxe5 Rxe5 38. Kf2 f5 39. f4 Re4 40. Kf3
Kf7 41. Rxe2 Rxe2 42. Kxe2 Ke6 43. Ke3 Kd5 44. Kd3 a5 45. a4 Kc5 46. Kc3 h6 47.
h3 g5 48. fxg5 hxg5 0-1